BUILD YOUR OWN ROBOTS / (Record no. 175473)

MARC details
000 -LEADER
fixed length control field 01106nam a22003257ia4500
005 - DATE AND TIME OF LATEST TRANSACTION
control field 20191216150058.0
008 - FIXED-LENGTH DATA ELEMENTS--GENERAL INFORMATION
fixed length control field 191216t20182018enkao j 001 0 eng d
020 ## - INTERNATIONAL STANDARD BOOK NUMBER
International Standard Book Number 9781912108589
Qualifying information paperback
Terms of availability RM14.90
040 ## - CATALOGING SOURCE
Original cataloging agency PPAK
Language of cataloging eng
Transcribing agency PPAK
Description conventions rda
082 04 - DEWEY DECIMAL CLASSIFICATION NUMBER
Classification number 629.892
Edition number 23
090 00 - LOCALLY ASSIGNED LC-TYPE CALL NUMBER (OCLC); LOCAL CALL NUMBER (RLIN)
Classification number (OCLC) (R) ; Classification number, CALL (RLIN) (NR) 629.892
Feature heading IVE
Feature heading K
100 1# - MAIN ENTRY--PERSONAL NAME
Personal name Ives, Rob,
Relator term author.
245 10 - TITLE STATEMENT
Title BUILD YOUR OWN ROBOTS /
Statement of responsibility, etc. BY ROBE IVES ; Senior Editor: Alice Peebles
264 #1 - PRODUCTION, PUBLICATION, DISTRIBUTION, MANUFACTURE, AND COPYRIGHT NOTICE
Place of production, publication, distribution, manufacture Edenbridge, Kent :
Name of producer, publisher, distributor, manufacturer Hungry Tomato Ltd,
Date of production, publication, distribution, manufacture, or copyright notice 2018
Date of production, publication, distribution, manufacture, or copyright notice ©2018
300 ## - PHYSICAL DESCRIPTION
Extent 32 pages :
Other physical details colour illustrations, colour photographs ;
Dimensions 27 cm
336 ## - CONTENT TYPE
Source rdacontent
Content type term text
337 ## - MEDIA TYPE
Source rdamedia
Media type term unmediated
338 ## - CARRIER TYPE
Source rdacarrier
Carrier type term volume
490 1# - SERIES STATEMENT
Series statement SUPER ENGINEER
500 ## - GENERAL NOTE
General note Includes index.
General note "Great for engineers budding"--Cover.
650 10 - SUBJECT ADDED ENTRY--TOPICAL TERM
Topical term or geographic name entry element Robots
General subdivision Design and construction
Form subdivision Juvenile literature
Topical term or geographic name entry element Robotics
Form subdivision Juvenile literature
Topical term or geographic name entry element Engineering models
Form subdivision Juvenile literature
Topical term or geographic name entry element Makerspaces
Form subdivision Juvenile literature
700 1# - ADDED ENTRY--PERSONAL NAME
Personal name Peebles, Alice,
Relator term editor.
830 #0 - SERIES ADDED ENTRY--UNIFORM TITLE
Uniform title Super engineer
942 ## - ADDED ENTRY ELEMENTS (KOHA)
Source of classification or shelving scheme Dewey Decimal Classification
Koha item type Book
Holdings
Withdrawn Not for loan Current library Shelving location Date acquired Total Checkouts Full call number Barcode Date last seen Date last checked out Koha item type
    Perpustakaan Alor Setar Pinjaman Kanak-kanak 07/01/2020 1 K 629.892 IVE A01625506 25/03/2023 18/03/2023 Book
    Perpustakaan Awam Sungai Petani Pinjaman Kanak-kanak 07/01/2020 1 K 629.892 IVE A01625507 28/09/2024 07/09/2024 Book
    Perpustakaan Jitra Pinjaman Kanak-kanak 07/01/2020   K 629.892 IVE A01625508 07/01/2020   Book